Chemical principles in the laboratory : (Record no. 368)
[ view plain ]
| 000 -LEADER | |
|---|---|
| fixed length control field | 01023nac a22003011i 4500 |
| 003 - CONTROL NUMBER IDENTIFIER | |
| control field | EG-ScBUE |
| 005 - DATE AND TIME OF LATEST TRANSACTION | |
| control field | 20260426085427.0 |
| 008 - FIXED-LENGTH DATA ELEMENTS--GENERAL INFORMATION | |
| fixed length control field | 260426t1997 caua f 000 0 eng d |
| 020 ## - INTERNATIONAL STANDARD BOOK NUMBER | |
| International Standard Book Number | 9780030192340 |
| 020 ## - INTERNATIONAL STANDARD BOOK NUMBER | |
| International Standard Book Number | 003019234X |
| 035 ## - SYSTEM CONTROL NUMBER | |
| System control number | (DLC) 2003114320 |
| 040 ## - CATALOGING SOURCE | |
| Original cataloging agency | EG-ScBUE |
| Language of cataloging | eng |
| Description conventions | rda |
| Transcribing agency | EG-ScBUE |
| Modifying agency | EG-ScBUE |
| 082 04 - DEWEY DECIMAL CLASSIFICATION NUMBER | |
| Classification number | 542 |
| Item number | SLO |
| Edition number | 22 |
| 100 1# - MAIN ENTRY--PERSONAL NAME | |
| Personal name | Slowinski, Emil J., |
| Relator term | author. |
| 245 10 - TITLE STATEMENT | |
| Title | Chemical principles in the laboratory : |
| Remainder of title | with qualitative analysis / |
| Statement of responsibility, etc | Emil J. Slowinski, Wayne C. Wolsey, William L. Masterton. |
| 250 ## - EDITION STATEMENT | |
| Edition statement | Sixth edition, |
| Remainder of edition statement | alternate version. |
| 264 #1 - PUBLICATION, DISTRIBUTION, ETC. (IMPRINT) | |
| Place of publication, distribution, etc | Pacific Grove, CA : |
| Name of publisher, distributor, etc | Thomson/Wadsworth, |
| Date of publication, distribution, etc | [1997] |
| 264 #4 - PUBLICATION, DISTRIBUTION, ETC. (IMPRINT) | |
| Date of publication, distribution, etc | c1997 |
| 300 ## - PHYSICAL DESCRIPTION | |
| Extent | x, 374 pages : |
| Other physical details | illustrations ; |
| Dimensions | 28 cm |
| 336 ## - CONTENT TYPE | |
| Source | rdacontent |
| Content type term | text |
| Content type code | txt |
| 337 ## - MEDIA TYPE | |
| Media type term | unmediated |
| Source | rdamedia |
| Media type code | n |
| 338 ## - CARRIER TYPE | |
| Carrier type term | volume |
| Carrier type code | nc |
| Source | rdacarrier |
| 650 #7 - SUBJECT ADDED ENTRY--TOPICAL TERM | |
| Topical term or geographic name as entry element | Chemistry. |
| Source of heading or term | BUEsh |
| 655 ## - INDEX TERM--GENRE/FORM | |
| Form subdivision | Reading book |
| 700 1# - ADDED ENTRY--PERSONAL NAME | |
| Personal name | Wolsey, Wayne C., |
| Relator term | author. |
| 700 1# - ADDED ENTRY--PERSONAL NAME | |
| Personal name | Masterton, William L., |
| Dates associated with a name | 1927- |
| Relator term | author. |
| 942 ## - ADDED ENTRY ELEMENTS (KOHA) | |
| Koha item type | Book - Borrowing |
| Source of classification or shelving scheme | Dewey Decimal Classification |
| Withdrawn status | Lost status | Damaged status | Not for loan | Home library | Current library | Shelving location | Date acquired | Source of acquisition | Total Checkouts | Full call number | Barcode | Date last seen | Date checked out | Price effective from | Koha item type |
|---|---|---|---|---|---|---|---|---|---|---|---|---|---|---|---|
| Central Library | Central Library | First floor | 28/03/2006 | Purchase | 2 | 542 SLO | 000004270 | 15/07/2025 | 04/10/2015 | 28/03/2006 | Book - Borrowing |